| 000 | 00740nam a2200193 a 4500 | ||
|---|---|---|---|
| 001 | 000020894 | ||
| 005 | 20260305073950.0 | ||
| 008 | 100823s1981 dr 000 0 spa d | ||
| 040 |
_aDO-SdBNP _bspa _cBNPHU |
||
| 082 |
_axxx _bP438p |
||
| 100 | 1 |
_aPérez Mera, Amiro _936666 |
|
| 245 | 1 | 0 |
_aPatrones de consumo y estructura social en Santo Domingo / _cAmiro Pérez Mera, Julio Cross Beras ; presentación Fran Moya Pons. |
| 260 |
_aSanto Domingo : _bFondo para el Avance de las Ciencias Sociales, _c1981. |
||
| 300 |
_a216 p. ; _c21 cm. |
||
| 500 | _aIncluye datos biográficos de los autores en la solapa de la cubierta | ||
| 504 | _aIncluye bibliografías [211-216] | ||
| 049 | _aBNPD | ||
| 700 | 1 |
_aMoya Pons, Frank, _d1944- _epres. _92095 |
|
| 999 |
_c20397 _d20397 |
||